Funkcie obchodu z makroekonomického pohľadu

Čiastočné opísanie jednotlivých funkcií z makroekonomického pohľadu. Odborníci zvyčajne rozlišujú tieto funkcie na dve skupiny, a to na funkcie základné a doplnkové. Analýza dvoch doplnkových makroekonomických funkcií obchodu, a to ovplyvňovanie trhu práce obchodom (ukazovateľ zamestnanosti) a stabi...

Descrizione completa

Salvato in:
Dettagli Bibliografici
Autore principale: Karasová, Katarína
Natura: Capitolo di libro
Lingua:slovacco
Soggetti:
Tags: Aggiungi Tag
Nessun Tag, puoi essere il primo ad aggiungerne!!

MARC

LEADER 00000nla$a2200000$$$4500
001 0069500
005 20240502071835.4
041 0 |a slo 
044 |a SK 
245 1 0 |a Funkcie obchodu z makroekonomického pohľadu  |c Katarína Karasová 
520 |a Čiastočné opísanie jednotlivých funkcií z makroekonomického pohľadu. Odborníci zvyčajne rozlišujú tieto funkcie na dve skupiny, a to na funkcie základné a doplnkové. Analýza dvoch doplnkových makroekonomických funkcií obchodu, a to ovplyvňovanie trhu práce obchodom (ukazovateľ zamestnanosti) a stabilizovanie úrovne cien obchodom (ukazovateľ inflácie). 
610 2 0 |a obchod 
610 2 0 |a hospodárstvo národné 
610 2 0 |a Phillipsova krivka 
610 2 0 |a makroekonomika 
610 2 0 |a hladina cenová 
100 1 |a Karasová, Katarína